Statystyki dla Miasta Rumunii A-Z

Kliknij tutaj aby rozwiązać quiz!

Ogólne statystyki

  • Ten quiz został rozwiązany 33 razy
  • Średni wynik to 8 z 22

Statystyki odpowiedzi

LiteraOkręgMiasto% Poprawnych
BIlfovBukareszt
97%
KKlużKluż-Napoka/Kluż
84%
GGałaczGałacz
74%
JJassyJassy
74%
AAradArad
71%
SSybinSybin
68%
TTemeszTimișoara/Timisoara
61%
VVasluiVaslui
55%
HHunedoaraHunedoara
48%
CCălărașiCălărași/Calarasi
45%
OBihorOradea
42%
PPrahovaPloeszti
35%
RValceaRâmnicu Vâlcea/Ramnicu Valcea/Ramincu/Valcea
26%
FVranceaFokszany
16%
ZSălajZalău/Zalau
16%
EKonstancaEforie
6%
IBraiłaIanca
6%
LTemeszLugoj
6%
MSybinMediaș/Medias
6%
DMehedințiDrobeta-Turnu Severin/Drobeta
3%
UJałomnicaUrziceni
3%
NKonstancaNăvodari/Navodari
0%

Rozkład punktacji

Percentyl według liczby udzielonych odpowiedzi

Procent ludzi z każdym wynikiem

Twoja historia wyników

Nie rozwiązałeś tego quizu